What CEOs expect formcorporae training (Record no. 1303844)

MARC details
000 -LEADER
fixed length control field 00545nam a2200193Ia 4500
005 - DATE AND TIME OF LATEST TRANSACTION
control field 20250326144457.0
008 - FIXED-LENGTH DATA ELEMENTS--GENERAL INFORMATION
fixed length control field 250326s9999 xx 000 0 und d
037 ## - SOURCE OF ACQUISITION
Stock number Textbook
040 ## - CATALOGING SOURCE
Original cataloging agency FMSL
Language of cataloging eng
Transcribing agency FMSL
041 ## - LANGUAGE CODE
Language code of text/sound track or separate title eng
Source of code eng
084 ## - COLON CLASSIFICATION NUMBER
Classification number X:8(SNI:431) P3
Assigning agency FMSL
100 ## - MAIN ENTRY--PERSONAL NAME
Personal name Rothwell W J
245 #0 - TITLE STATEMENT
Title What CEOs expect formcorporae training
Statement of responsibility, etc. Rothwell W J And Others
260 ## - PUBLICATION, DISTRIBUTION, ETC.
Place of publication, distribution, etc. NY
Name of publisher, distributor, etc. NY, AMACOM
Date of publication, distribution, etc. 2003
365 ## - TRADE PRICE
Price amount 1365.9165
650 ## - SUBJECT ADDED ENTRY--TOPICAL TERM
Topical term or geographic name entry element Management
942 ## - ADDED ENTRY ELEMENTS (KOHA)
Koha item type Textbook
Classification part X:8(SNI:431) P3
Holdings
Withdrawn status Lost status Damaged status Not for loan Home library Current library Date acquired Source of acquisition Cost, normal purchase price Total Checkouts Full call number Barcode Date last seen Price effective from Koha item type
        Faculty of Management Library Faculty of Management Library 2025-03-26 Index International 1365.92   X:8(SNI:431) P3 ML1352953 2025-03-26 2025-03-26 Textbook
Copyright @ Delhi University Library System